Our Quaid, as resmembered and reported (Record no. 566559)

000 -LEADER
fixed length control field 00872cam a2200265 i 4500
001 - CONTROL NUMBER
control field 18262022
003 - CONTROL NUMBER IDENTIFIER
control field CEME
005 - DATE AND TIME OF LATEST TRANSACTION
control field 20210628201610.0
008 - FIXED-LENGTH DATA ELEMENTS--GENERAL INFORMATION
fixed length control field 140811s2013 pk 000 0 eng
010 ## - LIBRARY OF CONGRESS CONTROL NUMBER
LC control number 2014323739
020 ## - INTERNATIONAL STANDARD BOOK NUMBER
International Standard Book Number 9789698535186
025 ## - OVERSEAS ACQUISITION NUMBER
Overseas acquisition number P-E-2014323739; 31
037 ## - SOURCE OF ACQUISITION
Source of stock number/acquisition Library of Congress -- Islamabad Overseas Office
Terms of availability Rs 400
040 ## - CATALOGING SOURCE
Original cataloging agency DLC
Language of cataloging eng
Transcribing agency DLC
Description conventions rda
042 ## - AUTHENTICATION CODE
Authentication code lcode
-- pcc
043 ## - GEOGRAPHIC AREA CODE
Geographic area code a-pk---
050 00 - LIBRARY OF CONGRESS CALL NUMBER
Classification number DS385.J5
Item number B43 2014
100 1# - MAIN ENTRY--PERSONAL NAME
Personal name Bazmi, Aslam,
Relator term author.
9 (RLIN) 6707
245 10 - TITLE STATEMENT
Title Our Quaid, as resmembered and reported
Remainder of title as resmembered and reported /
Statement of responsibility, etc. Aslam Bazmi.
246 13 - VARYING FORM OF TITLE
Title proper/short title Our leader Mohammad Ali Jinnah
300 ## - PHYSICAL DESCRIPTION
Extent xiv, 166 pages ;
Dimensions 23 cm
600 10 - SUBJECT ADDED ENTRY--PERSONAL NAME
Personal name Jinnah, Mahomed Ali,
Dates associated with a name 1876-1948.
9 (RLIN) 1998
710 2# - ADDED ENTRY--CORPORATE NAME
Corporate name or jurisdiction name as entry element National University of Sciences and Technology (Islāmābād, Pakistan)
9 (RLIN) 4252
942 ## - ADDED ENTRY ELEMENTS (KOHA)
Source of classification or shelving scheme
Koha item type Book
Holdings
Withdrawn status Lost status Source of classification or shelving scheme Damaged status Not for loan Permanent Location Current Location Shelving location Date acquired Total Checkouts Full call number Barcode Date last seen Price effective from Koha item type
          College of Electrical & Mechanical Engineering (CEME) College of Electrical & Mechanical Engineering (CEME) General Stacks 03/13/2017   954.9042092 BAZ CEME-47681 06/28/2021 06/28/2021 Book
          College of Electrical & Mechanical Engineering (CEME) College of Electrical & Mechanical Engineering (CEME) General Stacks 03/13/2017   954.9042092 BAZ CEME-47682 06/28/2021 06/28/2021 Book
© 2023 Central Library, National University of Sciences and Technology. All Rights Reserved.